Landmarks on Pakistani Rupee Notes - Statistics

General Stats
  • This quiz has been taken 99 times
  • The average score is 3 of 8
Answer Stats
Note Value Landmark Colour % Correct
Rs.500 Badshahi Mosque Sea Green
64%
Rs.5000 Faisal Mosque Mustard
64%
Rs.50 K2 Purple
49%
Rs.100 Quaid-e-Azam Residency Red
47%
Rs.10 Bab-e-Khyber Pale Green
42%
Rs.20 Mohenjo-daro Orange
32%
Rs.1000 Islamia College, Peshawar Bluish Gray
26%
Rs.5 Gwadar Port Light Blue
21%
No matching quizzes found
Score Distribution
Percent of People with Each Score
Percentile by Number Answered
Your Score History
You have not taken this quiz